000 00629nam a2200181Ia 4500
008 100920s9999 xx 000 0 und d
082 _b76510
_a24 न 00
100 _aअनु. भावे अपर्णा/.गार्डनर अर्ल स्टॅनले
245 _aखतरनाक खेळणं.
260 _bस्वप्न प्रकाशन, पुणे.
_c2000
300 _a250
_bसाधी
365 _b220
520 _aसायो.
630 _aखतरनाक खेळणं.
650 _aसायो.
730 _aखतरनाक खेळणं.
942 _cBOOK
999 _c717911
_d717908